| 000 | 01391cam a2200397 i 4500 | ||
|---|---|---|---|
| 999 |
_c200435763 _d53975 |
||
| 001 | 200435763 | ||
| 003 | TR-AnTOB | ||
| 005 | 20240926132055.0 | ||
| 007 | ta | ||
| 008 | 150107s2013 tu b 001 0 tur d | ||
| 020 | _a9789753970037 | ||
| 040 |
_aSULEY _beng _erda _cSULEY _dTR-AnTOB |
||
| 041 | 1 |
_atur _heng |
|
| 050 | 0 | 0 | _aHM477.G3 |
| 090 |
_aHM477.G3 _bH4319 2013 |
||
| 100 | 1 |
_aMarcuse, Herbert, _d1898-1979 _eauthor _962903 |
|
| 240 | 1 | 0 |
_aReason and revolution. _lTurkish |
| 245 | 1 | 0 |
_aUs ve devrim : _bHegel ve toplumsal kuramın doğuşu '1954'te yazılan ek ile' / _cHerbert Marcuse, çeviren : Aziz Yardımlı. |
| 246 | 3 | 0 | _aReason and revolution. |
| 250 | _a3.baskı : 2013 | ||
| 264 | 1 |
_aKaraköy, İstanbul : _bİdea Yayınevi, _c2013. |
|
| 264 | 4 | _c©1941, 2013 | |
| 300 |
_a300 pages ; _c21 cm. |
||
| 336 |
_atext _btxt _2rdacontent |
||
| 337 |
_aunmediated _bn _2rdamedia |
||
| 338 |
_avolume _bnc _2rdacarrier |
||
| 504 | _aIncludes bibliographical references (pages 275-280) and index (pages 293-300). | ||
| 600 | 1 | 0 |
_aHegel, Georg Wilhelm Friedrich _d1770-1831 _938382 |
| 650 | 7 |
_aSosyoloji _xTarih _zAlmanya _2etuturkob _9121728 |
|
| 650 | 0 |
_aPozitivizm _911050 |
|
| 650 | 7 |
_aDiyalektik _2etuturkob _9124518 |
|
| 650 | 7 |
_aSosyoloji _xTarih _2etuturkob _9100825 |
|
| 700 | 1 |
_aYardımlı, Aziz _etranslator _9103394 |
|
| 942 |
_2lcc _cBK |
||